000 01163nam a22003497a 4500
001 3260704
003 OSt
005 20210426121833.0
008 810721s1982 nyu 000 1 eng
010 _a 81012436
020 _a0374126313
_c$19.95
020 _a0374126348 (lim. ed.)
_c$75.00
040 _aDLC
_cDLC
_dDLC
_beng
041 1 _aeng
_hyid
050 0 0 _aPJ5129.S49
_bA22 1982
080 _a821.111
_bS-62
082 0 0 _a839/.0933
_219
100 1 _aSinger, Isaac Bashevis,
_d1904-1991.
240 1 0 _aShort stories.
_lEnglish
245 1 4 _aThe collected stories of Isaac Bashevis Singer.
_c/ by: Farrar, Straus, Giroux
260 _aNew York
_bFarrar, Straus, Giroux
_cc1982.
300 _aviii, 610 p.
_c22 cm.
365 _b19.95 usd
500 _aTranslated from the Yiddish by Saul Bellow and others.
600 1 0 _aSinger, Isaac Bashevis,
_d1904-1991
_vTranslations into English.
650 0 _aJews
_vFiction.
650 0 _aEnglish literature
_9247
653 _aინგლისური ლიტერატურა
655 7 _aJewish fiction.
_2lcsh
906 _a7
_bcbc
_corignew
_d1
_eocip
_f19
_gy-gencatlg
942 _2udc
_cBK
999 _c1146
_d1146